[Event "English Open Championship 2024"]
[Site "Holiday Inn, 212 Abbey End, Kenilworth CV8 1ED, United Kingdom"]
[Date "2024.06.22"]
[Round "5.34"]
[White "Varley, Joe"]
[Black "Kilambi, Venkata Ananth Akshay"]
[Result "1-0"]
[TimeControl "G90 + 30secs/move"]
[WhiteFideId "461962"]
[BlackFideId "489395"]
[WhiteElo "1948"]
[BlackElo "1865"]

1. e4 {[%clk 01:30:55]} {[%emt 00:00:06]} c6 {[%clk 01:31:25]} {[%emt
00:00:04]} 2. d4 {[%clk 01:31:18]} {[%emt 00:00:06]} d5 {[%clk 01:31:52]}
{[%emt 00:00:04]} 3. f3 {[%clk 01:31:39]} {[%emt 00:00:10]} Qb6 {[%clk
01:32:18]} {[%emt 00:00:03]} 4. Nc3 {[%clk 01:31:54]} {[%emt 00:00:14]} dxe4
{[%clk 01:32:43]} {[%emt 00:00:06]} 5. fxe4 {[%clk 01:32:18]} {[%emt 00:00:05]}
e5 {[%clk 01:33:09]} {[%emt 00:00:05]} 6. Nf3 {[%clk 01:32:42]} {[%emt
00:00:06]} exd4 {[%clk 01:33:35]} {[%emt 00:00:05]} 7. Qxd4 {[%clk 01:33:03]}
{[%emt 00:00:07]} Qxd4 {[%clk 01:34:01]} {[%emt 00:00:05]} 8. Nxd4 {[%clk
01:33:22]} {[%emt 00:00:10]} Bc5 {[%clk 01:34:29]} {[%emt 00:00:03]} 9. Nb3
{[%clk 01:30:49]} {[%emt 00:03:03]} Bd6 {[%clk 01:34:56]} {[%emt 00:00:04]} 10.
Be3 {[%clk 01:30:12]} {[%emt 00:01:06]} Nf6 {[%clk 01:35:01]} {[%emt 00:00:26]}
11. O-O-O {[%clk 01:28:45]} {[%emt 00:01:56]} Be5 {[%clk 01:35:21]} {[%emt
00:00:10]} 12. Nd4 {[%clk 01:24:15]} {[%emt 00:05:00]} Bg4 {[%clk 01:24:26]}
{[%emt 00:11:25]} 13. Rd2 {[%clk 01:22:38]} {[%emt 00:02:06]} Nbd7 {[%clk
01:19:32]} {[%emt 00:05:25]} 14. h3 {[%clk 01:21:02]} {[%emt 00:02:06]} Bh5
{[%clk 01:17:06]} {[%emt 00:02:56]} 15. g4 {[%clk 01:16:33]} {[%emt 00:04:59]}
Bg6 {[%clk 01:07:02]} {[%emt 00:10:34]} 16. Bg2 {[%clk 01:16:47]} {[%emt
00:00:16]} Nb6 {[%clk 01:04:40]} {[%emt 00:02:52]} 17. b3 {[%clk 01:16:12]}
{[%emt 00:01:06]} O-O-O {[%clk 01:01:53]} {[%emt 00:03:17]} 18. g5 {[%clk
01:13:33]} {[%emt 00:03:08]} Nh5 {[%clk 01:01:37]} {[%emt 00:00:46]} 19. Nce2
{[%clk 01:13:49]} {[%emt 00:00:13]} Rhe8 {[%clk 00:53:24]} {[%emt 00:08:44]} 20.
Rhd1 {[%clk 01:11:41]} {[%emt 00:02:37]} Bc7 {[%clk 00:44:25]} {[%emt
00:09:29]} 21. Nc3 {[%clk 01:10:00]} {[%emt 00:02:12]} Ng3 {[%clk 00:43:03]}
{[%emt 00:01:52]} 22. Rf2 {[%clk 01:00:39]} {[%emt 00:09:50]} Nxe4 {[%clk
00:41:54]} {[%emt 00:01:40]} 23. Bxe4 {[%clk 00:54:21]} {[%emt 00:06:48]} Bxe4
{[%clk 00:42:02]} {[%emt 00:00:22]} 24. Bf4 {[%clk 00:53:33]} {[%emt 00:01:18]}
Bxf4+ {[%clk 00:31:13]} {[%emt 00:11:19]} 25. Rxf4 {[%clk 00:53:49]} {[%emt
00:00:13]} Bg6 {[%clk 00:31:40]} {[%emt 00:00:03]} 26. Nf5 {[%clk 00:53:06]}
{[%emt 00:01:14]} Rxd1+ {[%clk 00:31:19]} {[%emt 00:00:51]} 27. Kxd1 {[%clk
00:53:11]} {[%emt 00:00:25]} Bxf5 {[%clk 00:31:45]} {[%emt 00:00:05]} 28. Rxf5
{[%clk 00:53:07]} {[%emt 00:00:33]} Re7 {[%clk 00:32:00]} {[%emt 00:00:15]} 29.
a4 {[%clk 00:52:30]} {[%emt 00:01:07]} Kd7 {[%clk 00:29:43]} {[%emt 00:02:47]}
30. Kd2 {[%clk 00:52:39]} {[%emt 00:00:21]} Nc8 {[%clk 00:29:21]} {[%emt
00:00:51]} 31. Rf4 {[%clk 00:52:32]} {[%emt 00:00:37]} Nd6 {[%clk 00:28:20]}
{[%emt 00:01:31]} 32. Rh4 {[%clk 00:48:28]} {[%emt 00:04:33]} Re5 {[%clk
00:27:35]} {[%emt 00:01:16]} 33. Rg4 {[%clk 00:47:50]} {[%emt 00:01:08]} Rf5
{[%clk 00:23:19]} {[%emt 00:04:46]} 34. Ke3 {[%clk 00:47:45]} {[%emt 00:00:34]}
Ke6 {[%clk 00:20:31]} {[%emt 00:03:19]} 35. Ne2 {[%clk 00:46:38]} {[%emt
00:01:38]} Re5+ {[%clk 00:20:28]} {[%emt 00:00:33]} 36. Kd3 {[%clk 00:46:45]}
{[%emt 00:00:22]} Nf5 {[%clk 00:18:32]} {[%emt 00:02:27]} 37. Kd2 {[%clk
00:43:09]} {[%emt 00:04:06]} Nd6 {[%clk 00:16:44]} {[%emt 00:02:17]} 38. Nd4+
{[%clk 00:42:05]} {[%emt 00:01:34]} Kd5 {[%clk 00:13:33]} {[%emt 00:03:42]} 39.
Kd3 {[%clk 00:41:00]} {[%emt 00:01:35]} Nf5 {[%clk 00:12:05]} {[%emt 00:01:58]}
40. Ne2 {[%clk 00:39:58]} {[%emt 00:01:31]} Re3+ {[%clk 00:09:48]} {[%emt
00:02:49]} 41. Kd2 {[%clk 00:40:19]} {[%emt 00:00:08]} Ke5 {[%clk 00:10:10]}
{[%emt 00:00:08]} 42. Rb4 {[%clk 00:39:34]} {[%emt 00:01:14]} b6 {[%clk
00:09:39]} {[%emt 00:01:02]} 43. a5 {[%clk 00:39:47]} {[%emt 00:00:18]} b5
{[%clk 00:08:28]} {[%emt 00:01:41]} 44. Nc1 {[%clk 00:31:06]} {[%emt 00:09:10]}
Rxh3 {[%clk 00:05:44]} {[%emt 00:03:13]} 45. Nd3+ {[%clk 00:31:12]} {[%emt
00:00:24]} Kd6 {[%clk 00:06:12]} {[%emt 00:00:02]} 46. Rf4 {[%clk 00:30:23]}
{[%emt 00:01:19]} g6 {[%clk 00:06:01]} {[%emt 00:00:41]} 47. c4 {[%clk
00:30:40]} {[%emt 00:00:13]} Rh4 {[%clk 00:04:27]} {[%emt 00:02:05]} 48. c5+
{[%clk 00:28:24]} {[%emt 00:02:46]} Kd5 {[%clk 00:04:48]} {[%emt 00:00:09]} 49.
Rf1 {[%clk 00:28:43]} {[%emt 00:00:10]} h5 {[%clk 00:03:55]} {[%emt 00:01:24]}
50. gxh6 {[%clk 00:28:53]} {[%emt 00:00:19]} Nxh6 {[%clk 00:04:19]} {[%emt
00:00:07]} 51. Rf6 {[%clk 00:28:20]} {[%emt 00:01:03]} Rh2+ {[%clk 00:02:52]}
{[%emt 00:01:57]} 52. Kc3 {[%clk 00:28:35]} {[%emt 00:00:14]} Rh3 {[%clk
00:02:37]} {[%emt 00:00:46]} 53. Kd2 {[%clk 00:28:59]} {[%emt 00:00:06]} Rh2+
{[%clk 00:02:12]} {[%emt 00:00:55]} 54. Kc3 {[%clk 00:29:22]} {[%emt 00:00:07]}
Nf5 {[%clk 00:02:03]} {[%emt 00:00:39]} 55. Nb4+ {[%clk 00:29:18]} {[%emt
00:00:34]} Ke5 {[%clk 00:01:49]} {[%emt 00:00:45]} 56. Rxf7 {[%clk 00:29:31]}
{[%emt 00:00:16]} Rh3+ {[%clk 00:01:58]} {[%emt 00:00:21]} 57. Kb2 {[%clk
00:28:37]} {[%emt 00:01:23]} Nd4 {[%clk 00:01:56]} {[%emt 00:00:33]} 58. Ka2
{[%clk 00:27:18]} {[%emt 00:01:49]} Nxb3 {[%clk 00:01:47]} {[%emt 00:00:39]} 59.
Rxa7 {[%clk 00:27:03]} {[%emt 00:00:45]} Kd4 {[%clk 00:01:33]} {[%emt
00:00:44]} 60. Nxc6+ {[%clk 00:26:58]} {[%emt 00:00:35]} Kxc5 {[%clk 00:01:57]}
{[%emt 00:00:06]} 61. Ne5 {[%clk 00:26:38]} {[%emt 00:00:49]} g5 {[%clk
00:01:48]} {[%emt 00:00:41]} 62. Ra8 {[%clk 00:25:59]} {[%emt 00:01:08]} Kb4
{[%clk 00:01:11]} {[%emt 00:01:05]} 63. Nc6+ {[%clk 00:24:21]} {[%emt
00:02:10]} Kc3 {[%clk 00:01:09]} {[%emt 00:00:32]} 64. Rc8 {[%clk 00:24:05]}
{[%emt 00:00:46]} Rh4 {[%clk 00:00:46]} {[%emt 00:00:53]} 65. Ne5+ {[%clk
00:20:23]} {[%emt 00:04:12]} Kb4 {[%clk 00:00:42]} {[%emt 00:00:34]} 66. Nd3+
{[%clk 00:19:23]} {[%emt 00:01:29]} Ka4 {[%clk 00:01:08]} {[%emt 00:00:05]} 67.
a6 {[%clk 00:18:41]} {[%emt 00:01:12]} Rh7 {[%clk 00:00:44]} {[%emt 00:00:54]}
68. Rc3 {[%clk 00:18:27]} {[%emt 00:00:44]} Rh2+ {[%clk 00:00:41]} {[%emt
00:00:33]} 69. Nb2+ {[%clk 00:18:41]} {[%emt 00:00:16]} Kb4 {[%clk 00:01:07]}
{[%emt 00:02:41]} 70. Rxb3+ {[%clk 00:20:27]} {[%emt 00:00:39]} Kc5 {[%clk
00:01:10]} {[%emt 00:00:28]} 71. Ra3 {[%clk 00:20:09]} {[%emt 00:00:47]} Rh8
{[%clk 00:01:20]} {[%emt 00:00:21]} 72. a7 {[%clk 00:18:24]} {[%emt 00:02:14]}
Ra8 {[%clk 00:01:47]} {[%emt 00:00:03]} 73. Ra6 {[%clk 00:18:45]} {[%emt
00:00:09]} b4 {[%clk 00:00:54]} {[%emt 00:01:24]} 74. Kb3 {[%clk 00:19:05]}
{[%emt 00:00:09]} Kb5 {[%clk 00:01:05]} {[%emt 00:00:20]} 75. Ra4 {[%clk
00:19:25]} {[%emt 00:00:09]} Kb6 {[%clk 00:00:48]} {[%emt 00:00:48]} 76. Nc4+
{[%clk 00:19:47]} {[%emt 00:00:08]} Kb7 {[%clk 00:01:06]} {[%emt 00:00:11]} 77.
Nd6+ {[%clk 00:19:52]} {[%emt 00:00:25]} Kb6 {[%clk 00:01:33]} {[%emt
00:00:05]} 78. Kxb4 {[%clk 00:19:55]} {[%emt 00:00:25]} g4 {[%clk 00:01:15]}
{[%emt 00:00:49]} 79. Nb5 {[%clk 00:18:37]} {[%emt 00:01:47]} Kb7 {[%clk
00:00:55]} {[%emt 00:00:50]} 80. Kc5 {[%clk 00:15:58]} {[%emt 00:03:09]} g3
{[%clk 00:00:50]} {[%emt 00:00:36]} 81. Nd6+ {[%clk 00:13:58]} {[%emt
00:02:29]} Kc7 {[%emt 00:00:39]} 82. Rg4 {[%clk 00:14:01]} Kd7 {[%clk
00:00:42]} {[%emt 00:00:56]} 83. Rxg3 {[%clk 00:14:08]} {[%emt 00:00:23]} Rxa7
{[%clk 00:00:45]} {[%emt 00:00:28]} 84. Rg7+ {[%clk 00:12:23]} {[%emt
00:02:14]} Kd8 {[%clk 00:01:12]} {[%emt 00:00:04]} 85. Nb7+ {[%clk 00:12:42]}
{[%emt 00:00:10]} Kc8 {[%clk 00:01:07]} {[%emt 00:00:35]} 86. Kb6 {[%clk
00:11:38]} {[%emt 00:01:35]} Ra1 {[%clk 00:01:09]} {[%emt 00:00:27]} 87. Rc7+
{[%clk 00:11:48]} {[%emt 00:00:20]} Kb8 {[%clk 00:01:31]} {[%emt 00:00:09]} 88.
Nc5 {[%clk 00:11:38]} {[%emt 00:00:40]} Rb1+ {[%clk 00:01:31]} {[%emt
00:00:30]} 89. Kc6 {[%clk 00:12:00]} {[%emt 00:00:07]} Rc1 {[%clk 00:01:51]}
{[%emt 00:00:11]} 90. Re7 {[%clk 00:11:42]} {[%emt 00:00:47]} Rc2 {[%clk
00:01:59]} {[%emt 00:00:23]} 91. Re3 {[%clk 00:11:14]} {[%emt 00:00:57]} Rc1
{[%clk 00:01:39]} {[%emt 00:00:50]} 92. Re2 {[%clk 00:11:35]} {[%emt 00:00:10]}
Rb1 {[%clk 00:01:14]} {[%emt 00:00:56]} 93. Nd7+ {[%clk 00:11:43]} {[%emt
00:00:21]} Ka7 {[%clk 00:01:16]} {[%emt 00:00:28]} 94. Ra2# {[%emt 00:01:13]}
1-0

[Event "English Open Championship 2024"]
[Site "Holiday Inn, 212 Abbey End, Kenilworth CV8 1ED, United Kingdom"]
[Date "2024.06.22"]
[Round "5.35"]
[White "Waterfield, Mark B"]
[Black "Zakarian, Dimitrios Levon"]
[Result "0-1"]
[TimeControl "G90 + 30secs/move"]
[WhiteFideId "464910"]
[BlackFideId "453080"]
[WhiteElo "1839"]
[BlackElo "1966"]

1. e4 {[%clk 01:30:57]} {[%emt 00:00:02]} c5 {[%clk 01:30:57]} {[%emt
00:00:04]} 2. Nf3 {[%clk 01:31:22]} {[%emt 00:00:05]} e6 {[%clk 01:31:23]}
{[%emt 00:00:04]} 3. d4 {[%clk 01:31:43]} {[%emt 00:00:09]} cxd4 {[%clk
01:31:49]} {[%emt 00:00:04]} 4. Nxd4 {[%clk 01:32:08]} {[%emt 00:00:05]} a6
{[%clk 01:32:15]} {[%emt 00:00:05]} 5. c4 {[%clk 01:32:31]} {[%emt 00:00:06]}
Nf6 {[%clk 01:32:40]} {[%emt 00:00:05]} 6. Nc3 {[%clk 01:32:54]} {[%emt
00:00:07]} Qc7 {[%clk 01:33:05]} {[%emt 00:00:04]} 7. Be3 {[%clk 01:33:15]}
{[%emt 00:00:09]} Bb4 {[%clk 01:33:22]} {[%emt 00:00:14]} 8. f3 {[%clk
01:33:34]} {[%emt 00:00:11]} d5 {[%clk 01:32:31]} {[%emt 00:01:20]} 9. cxd5
{[%clk 01:33:31]} {[%emt 00:00:34]} Bxc3+ {[%clk 01:31:38]} {[%emt 00:01:24]}
10. bxc3 {[%clk 01:33:53]} {[%emt 00:00:07]} exd5 {[%clk 01:31:57]} {[%emt
00:00:11]} 11. e5 {[%clk 01:19:45]} {[%emt 00:14:38]} Qxe5 {[%clk 01:27:56]}
{[%emt 00:04:31]} 12. Kf2 {[%clk 01:18:06]} {[%emt 00:02:09]} O-O {[%clk
01:23:07]} {[%emt 00:05:18]} 13. Bd3 {[%clk 01:13:37]} {[%emt 00:05:00]} Nbd7
{[%clk 01:16:55]} {[%emt 00:06:42]} 14. Qd2 {[%clk 01:08:13]} {[%emt 00:05:53]}
Nc5 {[%clk 01:09:03]} {[%emt 00:08:22]} 15. Bc2 {[%clk 01:08:04]} {[%emt
00:00:40]} Ne6 {[%clk 01:08:36]} {[%emt 00:00:58]} 16. g3 {[%clk 00:40:10]}
{[%emt 00:28:23]} Bd7 {[%clk 01:02:41]} {[%emt 00:06:25]} 17. Rhe1 {[%clk
00:38:49]} {[%emt 00:01:51]} Qc7 {[%clk 00:59:18]} {[%emt 00:03:52]} 18. Kg1
{[%clk 00:32:58]} {[%emt 00:06:21]} Rac8 {[%clk 00:55:11]} {[%emt 00:04:38]} 19.
Rac1 {[%clk 00:33:10]} {[%emt 00:00:17]} Rfe8 {[%clk 00:53:28]} {[%emt
00:02:13]} 20. Bb3 {[%clk 00:30:16]} {[%emt 00:03:24]} b5 {[%clk 00:48:30]}
{[%emt 00:05:28]} 21. Ne2 {[%clk 00:22:06]} {[%emt 00:08:40]} Qb7 {[%clk
00:42:43]} {[%emt 00:06:17]} 22. Red1 {[%clk 00:19:38]} {[%emt 00:02:58]} Bc6
{[%clk 00:39:34]} {[%emt 00:03:39]} 23. Nd4 {[%clk 00:19:58]} {[%emt 00:00:11]}
Nxd4 {[%clk 00:38:43]} {[%emt 00:01:21]} 24. Bxd4 {[%clk 00:19:39]} {[%emt
00:00:49]} Nd7 {[%clk 00:37:17]} {[%emt 00:01:56]} 25. Qg5 {[%clk 00:18:51]}
{[%emt 00:01:18]} f6 {[%clk 00:37:25]} {[%emt 00:00:22]} 26. Qf5 {[%clk
00:17:46]} {[%emt 00:01:35]} Nf8 {[%clk 00:36:52]} {[%emt 00:01:03]} 27. Re1
{[%clk 00:13:05]} {[%emt 00:05:10]} Qd7 {[%clk 00:34:58]} {[%emt 00:02:25]} 28.
Qh5 {[%clk 00:13:33]} {[%emt 00:00:02]} Qf7 {[%clk 00:34:08]} {[%emt 00:01:20]}
29. Qf5 {[%clk 00:12:47]} {[%emt 00:01:16]} a5 {[%clk 00:30:51]} {[%emt
00:03:47]} 30. a3 {[%clk 00:11:29]} {[%emt 00:01:48]} a4 {[%clk 00:26:38]}
{[%emt 00:04:44]} 31. Ba2 {[%clk 00:11:52]} {[%emt 00:00:06]} Bd7 {[%clk
00:26:37]} {[%emt 00:00:31]} 32. Qxd5 {[%clk 00:04:26]} {[%emt 00:07:55]} Be6
{[%clk 00:26:54]} {[%emt 00:00:14]} 33. Rxe6 {[%clk 00:04:48]} {[%emt
00:00:08]} Qxe6 {[%clk 00:27:15]} {[%emt 00:00:08]} 34. Qxe6+ {[%clk 00:04:13]}
{[%emt 00:01:06]} Nxe6 {[%clk 00:27:43]} {[%emt 00:00:02]} 35. Re1 {[%clk
00:03:26]} {[%emt 00:01:17]} Rc6 {[%clk 00:28:04]} {[%emt 00:00:08]} 36. f4
{[%clk 00:02:41]} {[%emt 00:01:15]} Kf8 {[%clk 00:28:12]} {[%emt 00:00:22]} 37.
Bd5 {[%clk 00:02:09]} {[%emt 00:01:03]} Nxd4 {[%clk 00:27:40]} {[%emt
00:01:02]} 38. Rxe8+ {[%clk 00:00:44]} {[%emt 00:01:55]} Kxe8 {[%clk 00:28:08]}
{[%emt 00:00:02]} 39. cxd4 {[%clk 00:01:06]} {[%emt 00:00:07]} Rd6 {[%clk
00:28:22]} {[%emt 00:00:16]} 40. Bb7 {[%clk 00:01:17]} {[%emt 00:00:20]} Rxd4
{[%clk 00:28:36]} {[%emt 00:00:16]} 41. Bc6+ {[%clk 00:01:41]} {[%emt
00:00:05]} Kd8 {[%clk 00:28:50]} {[%emt 00:00:16]} 42. Bxb5 {[%clk 00:02:02]}
{[%emt 00:00:10]} Kc7 {[%clk 00:29:13]} {[%emt 00:00:07]} 43. Kf2 {[%clk
00:02:11]} {[%emt 00:00:21]} Rd2+ {[%clk 00:29:04]} {[%emt 00:00:39]} 44. Ke3
{[%clk 00:02:27]} {[%emt 00:00:14]} Ra2 {[%clk 00:29:18]} {[%emt 00:00:16]} 45.
Kd4 {[%clk 00:01:37]} {[%emt 00:01:20]} Rxa3 {[%clk 00:29:43]} {[%emt
00:00:05]} 46. Kc4 {[%clk 00:00:54]} {[%emt 00:01:13]} Kb6 {[%clk 00:30:00]}
{[%emt 00:00:12]} 47. Bd7 {[%clk 00:00:39]} {[%emt 00:00:45]} Ka5 {[%clk
00:30:19]} {[%emt 00:00:12]} 48. Bf5 {[%clk 00:00:51]} {[%emt 00:00:18]} h6
{[%clk 00:30:40]} {[%emt 00:00:09]} 49. Bg6 {[%clk 00:00:33]} {[%emt 00:00:48]}
Ra2 {[%clk 00:30:51]} {[%emt 00:00:19]} 0-1

[Event "English Open Championship 2024"]
[Site "Holiday Inn, 212 Abbey End, Kenilworth CV8 1ED, United Kingdom"]
[Date "2024.06.22"]
[Round "5.36"]
[White "Alldritt, Nigel Re"]
[Black "Lim, Mark"]
[Result "1-0"]
[TimeControl "G90 + 30secs/move"]
[WhiteFideId "404543"]
[BlackFideId "417734"]
[WhiteElo "1974"]
[BlackElo "1844"]

1. d4 {[%clk 01:30:54]} {[%emt 00:00:06]} Nf6 {[%clk 01:30:14]} {[%emt
00:00:47]} 2. c4 {[%clk 01:31:14]} {[%emt 00:00:09]} e6 {[%clk 01:30:39]}
{[%emt 00:00:04]} 3. g3 {[%clk 01:31:41]} {[%emt 00:00:04]} d5 {[%clk
01:31:05]} {[%emt 00:00:04]} 4. Nf3 {[%clk 01:32:07]} {[%emt 00:00:04]} Be7
{[%clk 01:31:29]} {[%emt 00:00:03]} 5. Bg2 {[%clk 01:32:33]} {[%emt 00:00:07]}
O-O {[%clk 01:31:56]} {[%emt 00:00:04]} 6. O-O {[%clk 01:32:58]} {[%emt
00:00:05]} c6 {[%clk 01:32:21]} {[%emt 00:00:05]} 7. Qc2 {[%clk 01:33:10]}
{[%emt 00:00:18]} b6 {[%clk 01:32:43]} {[%emt 00:00:07]} 8. Nc3 {[%clk
01:33:08]} {[%emt 00:00:32]} Ba6 {[%clk 01:28:27]} {[%emt 00:04:47]} 9. cxd5
{[%clk 01:32:54]} {[%emt 00:00:42]} cxd5 {[%clk 01:26:46]} {[%emt 00:02:11]} 10.
Bf4 {[%clk 01:31:53]} {[%emt 00:01:32]} Nh5 {[%clk 01:22:58]} {[%emt 00:04:18]}
11. Bd2 {[%clk 01:23:48]} {[%emt 00:08:35]} b5 {[%clk 01:20:55]} {[%emt
00:02:34]} 12. a3 {[%clk 01:23:25]} {[%emt 00:00:52]} Qb6 {[%clk 01:20:31]}
{[%emt 00:00:53]} 13. b4 {[%clk 01:19:06]} {[%emt 00:04:49]} Nc6 {[%clk
01:18:45]} {[%emt 00:02:17]} 14. Qd3 {[%clk 01:19:00]} {[%emt 00:00:34]} Rac8
{[%clk 01:17:59]} {[%emt 00:01:18]} 15. Rfc1 {[%clk 01:17:51]} {[%emt
00:01:38]} g6 {[%clk 01:15:59]} {[%emt 00:02:31]} 16. Bh6 {[%clk 01:13:01]}
{[%emt 00:05:20]} Rfd8 {[%clk 01:13:54]} {[%emt 00:02:35]} 17. e3 {[%clk
01:10:50]} {[%emt 00:02:40]} Ng7 {[%clk 01:05:03]} {[%emt 00:09:23]} 18. Bxg7
{[%clk 01:08:48]} {[%emt 00:02:31]} Kxg7 {[%clk 01:04:52]} {[%emt 00:00:40]} 19.
Bf1 {[%clk 01:09:01]} {[%emt 00:00:17]} Bf6 {[%clk 00:49:54]} {[%emt 00:15:29]}
20. Na4 {[%clk 01:07:12]} {[%emt 00:02:18]} Qb7 {[%clk 00:45:42]} {[%emt
00:04:43]} 21. Nc5 {[%clk 01:06:50]} {[%emt 00:00:51]} Qb6 {[%clk 00:46:09]}
{[%emt 00:00:05]} 22. Nxa6 {[%clk 01:06:06]} {[%emt 00:01:13]} Qxa6 {[%clk
00:46:19]} {[%emt 00:00:20]} 23. Qxb5 {[%clk 01:06:21]} {[%emt 00:00:13]} Qxb5
{[%emt 00:00:41]} 24. Bxb5 {[%clk 01:06:42]} {[%emt 00:00:07]} Nb8 {[%clk
00:45:12]} {[%emt 00:01:31]} 25. Kf1 {[%clk 01:05:27]} {[%emt 00:01:44]} Nd7
{[%clk 00:45:10]} {[%emt 00:00:32]} 26. Rxc8 {[%clk 01:05:48]} {[%emt
00:00:09]} 1-0

[Event "English Open Championship 2024"]
[Site "Holiday Inn, 212 Abbey End, Kenilworth CV8 1ED, United Kingdom"]
[Date "2024.06.22"]
[Round "5.37"]
[White "Ali, Golam S"]
[Black "Hertog, Alexander"]
[Result "0-1"]
[TimeControl "G90 + 30secs/move"]
[WhiteFideId "414646"]
[BlackFideId "488453"]
[WhiteElo "1877"]
[BlackElo "1943"]

1. e4 {[%clk 01:30:55]} {[%emt 00:00:05]} c6 {[%emt 00:00:24]} 2. d4 {[%clk
01:30:47]} {[%emt 00:00:15]} d5 {[%clk 01:31:26]} {[%emt 00:00:02]} 3. e5
{[%clk 01:31:01]} {[%emt 00:00:16]} c5 {[%clk 01:31:52]} {[%emt 00:00:05]} 4.
Nc3 {[%clk 01:30:42]} {[%emt 00:00:50]} e6 {[%clk 01:30:52]} {[%emt 00:01:30]}
5. Nf3 {[%clk 01:30:53]} {[%emt 00:00:18]} Nc6 {[%clk 01:31:18]} {[%emt
00:00:04]} 6. Bb5 {[%clk 01:31:01]} {[%emt 00:00:22]} Bd7 {[%clk 01:31:36]}
{[%emt 00:00:12]} 7. Bg5 {[%clk 01:30:40]} {[%emt 00:00:50]} Qc7 {[%clk
01:27:54]} {[%emt 00:04:13]} 8. O-O {[%clk 01:28:51]} {[%emt 00:02:19]} Nge7
{[%clk 01:27:22]} {[%emt 00:01:02]} 9. Re1 {[%clk 01:22:38]} {[%emt 00:06:42]}
Ng6 {[%clk 01:24:18]} {[%emt 00:03:35]} 10. Bd3 {[%clk 01:14:45]} {[%emt
00:08:23]} cxd4 {[%clk 01:22:33]} {[%emt 00:02:15]} 11. Nb5 {[%clk 01:11:16]}
{[%emt 00:03:59]} Qb6 {[%clk 01:20:56]} {[%emt 00:02:07]} 12. a4 {[%clk
01:08:56]} {[%emt 00:02:49]} a6 {[%clk 01:13:34]} {[%emt 00:07:53]} 13. a5
{[%clk 01:04:08]} {[%emt 00:05:18]} Nxa5 {[%clk 01:13:47]} {[%emt 00:00:17]} 14.
Nbxd4 {[%clk 01:03:57]} {[%emt 00:00:41]} Rc8 {[%clk 01:09:09]} {[%emt
00:05:09]} 15. b3 {[%clk 00:56:33]} {[%emt 00:07:54]} Bb4 {[%clk 01:06:53]}
{[%emt 00:02:46]} 16. Be3 {[%clk 00:52:14]} {[%emt 00:04:48]} Qc7 {[%clk
01:00:03]} {[%emt 00:07:20]} 17. Bd2 {[%clk 00:50:52]} {[%emt 00:01:51]} Bxd2
{[%clk 00:59:40]} {[%emt 00:00:54]} 18. Qxd2 {[%clk 00:51:08]} {[%emt
00:00:14]} Nc6 {[%clk 01:00:07]} {[%emt 00:00:02]} 19. Nxc6 {[%clk 00:50:47]}
{[%emt 00:00:51]} Bxc6 {[%clk 01:00:32]} {[%emt 00:00:06]} 20. h4 {[%clk
00:50:36]} {[%emt 00:00:41]} Ne7 {[%clk 01:00:06]} {[%emt 00:00:56]} 21. Qg5
{[%clk 00:49:58]} {[%emt 00:01:06]} g6 {[%clk 00:51:15]} {[%emt 00:09:23]} 22.
Qf6 {[%clk 00:39:22]} {[%emt 00:11:05]} Rg8 {[%clk 00:39:53]} {[%emt 00:11:52]}
23. Ng5 {[%clk 00:34:29]} {[%emt 00:05:23]} Nf5 {[%clk 00:39:48]} {[%emt
00:00:36]} 24. Bxf5 {[%clk 00:23:56]} {[%emt 00:11:02]} gxf5 {[%clk 00:40:10]}
{[%emt 00:00:07]} 25. Nxe6 {[%clk 00:22:44]} {[%emt 00:01:42]} fxe6 {[%clk
00:38:52]} {[%emt 00:01:48]} 26. Qxe6+ {[%clk 00:23:06]} {[%emt 00:00:08]} Kf8
{[%clk 00:39:21]} {[%emt 00:00:02]} 27. Qxf5+ {[%clk 00:23:21]} {[%emt
00:00:14]} Ke8 {[%clk 00:39:30]} {[%emt 00:00:22]} 28. Rad1 {[%clk 00:17:19]}
{[%emt 00:06:32]} Qd7 {[%clk 00:32:08]} {[%emt 00:07:51]} 29. e6 {[%clk
00:16:47]} {[%emt 00:01:02]} Qg7 {[%clk 00:32:09]} {[%emt 00:00:29]} 30. g3
{[%clk 00:17:00]} {[%emt 00:00:17]} Rf8 {[%clk 00:32:19]} {[%emt 00:00:20]} 31.
Qh5+ {[%clk 00:13:37]} {[%emt 00:03:53]} Qg6 {[%clk 00:32:27]} {[%emt
00:00:23]} 32. Qe2 {[%clk 00:12:00]} {[%emt 00:02:06]} Qf5 {[%clk 00:22:28]}
{[%emt 00:10:30]} 33. Rd4 {[%clk 00:10:25]} {[%emt 00:02:05]} Bb5 {[%clk
00:19:08]} {[%emt 00:03:50]} 34. c4 {[%clk 00:05:59]} {[%emt 00:04:55]} dxc4
{[%clk 00:19:34]} {[%emt 00:00:04]} 35. Rf4 {[%clk 00:02:51]} {[%emt 00:03:38]}
c3 {[%clk 00:08:42]} {[%emt 00:11:22]} 36. Qf3 {[%clk 00:01:06]} {[%emt
00:02:15]} Bc6 {[%clk 00:08:59]} {[%emt 00:00:14]} 37. Qxc3 {[%clk 00:01:16]}
{[%emt 00:00:20]} Qd5 {[%clk 00:07:43]} {[%emt 00:01:46]} 38. Rxf8+ {[%clk
00:01:15]} {[%emt 00:00:30]} Kxf8 {[%clk 00:08:09]} {[%emt 00:00:03]} 39. Qf6+
{[%clk 00:01:21]} {[%emt 00:00:25]} Kg8 {[%clk 00:07:23]} {[%emt 00:01:17]} 40.
Qf7+ {[%clk 00:00:41]} {[%emt 00:01:09]} Kh8 {[%clk 00:07:50]} {[%emt
00:00:03]} 41. f3 {[%clk 00:00:43]} {[%emt 00:00:29]} Qxf3 {[%clk 00:07:46]}
{[%emt 00:00:33]} 42. Qxf3 {[%clk 00:01:08]} {[%emt 00:00:06]} Bxf3 {[%clk
00:08:11]} {[%emt 00:00:05]} 43. Kf2 {[%clk 00:01:14]} {[%emt 00:00:24]} Bd5
{[%clk 00:08:35]} {[%emt 00:00:06]} 44. b4 {[%clk 00:01:12]} {[%emt 00:00:32]}
Re8 {[%clk 00:08:59]} {[%emt 00:00:05]} 45. e7 {[%clk 00:01:28]} {[%emt
00:00:14]} Kg7 {[%clk 00:09:28]} {[%emt 00:00:02]} 46. Re5 {[%clk 00:01:38]}
{[%emt 00:00:20]} Bc6 {[%clk 00:09:53]} {[%emt 00:00:05]} 47. Ke3 {[%clk
00:00:44]} {[%emt 00:01:23]} Kf6 {[%clk 00:10:17]} {[%emt 00:00:06]} 48. Kf4
{[%clk 00:00:33]} {[%emt 00:00:41]} Rxe7 {[%clk 00:10:31]} {[%emt 00:00:16]} 49.
Rxe7 {[%clk 00:00:43]} {[%emt 00:00:21]} Kxe7 {[%clk 00:10:56]} {[%emt
00:00:05]} 50. Ke5 {[%clk 00:00:52]} {[%emt 00:00:21]} h5 {[%clk 00:11:18]}
{[%emt 00:00:08]} 0-1

[ePGN "0.1;DGT LiveChess/2.2.6"]